00795nam a22001817a 4500003000900000005001700009008004100026040001300067110002900080245009000109250001300199260002500212300004100237500011100278650005000389651005000439856012400489BR-ViAPE20260505115433.0260505s1969 por gs||||s000 0 por d cBR-ViAPE aEspírito SantobEstado aUm Estado em marcha para o desenvolvimento: bgoverno Christiano Dias Lopes Filho v.2 avolume 2 a[s.n.]b[s.l.]c1969 a165 p.bDocumento digitalizado (PDF) aDocumento digitalizado do acervo institucional do Arquivo Público do Estado do Espírito Santo - APEES. aAdministração públicazEspírito Santo aEspírito SantoxAdministração pública uhttps://ape.es.gov.br/Media/ape/PDF/Mensagens/Mensagem-2024/mensagem%201969-1.pdfyCLIQUE AQUI PARA ACESSAR O DOCUMENTO